000
00226 a2200097 4500
001
20220
100
_a
Thieraf R J
245
_a
Decision making through operations research
260
_a
_b
John Wiley
_c
090
_c
14791
_d
14791
942
_a
NUST-CAE
_c
M
_c
5326
999
_c
255293
_d
255293